00334nam a2200121Ia 4500008004100000245007300041260001700114260000900131300000800140650002300148650001200171856002900183170516s9999 xx 000 0 und d 2aA Novel Tumor Targeting Drug Carrier for Optical Imaging and Therapy bTheranostics c2014 a4:6 xMedical Technology xMedtech uhttp://www.thno.org/v4i6